Evaluation of seafood freshness quality

Gespeichert in:
Bibliographische Detailangaben
1. Verfasser: Botta, J. Richard (VerfasserIn)
Format: Buch
Sprache:Englisch
Veröffentlicht: Nueva York VCH 1995
Schriftenreihe:Food Science and Technology
Schlagworte:
Tags: Tag hinzufügen
Keine Tags, Fügen Sie den ersten Tag hinzu!

MARC

LEADER 00000nam a2200000 a 4500
001 UCN7845
003 CL-VaPUC
008 011026e19950000US |||||||||||||||||eng|d
082 0 4 |a 664.9497  |b BOT  |2 21 
100 0 |a Botta, J. Richard  |e author  |9 464010 
245 1 0 |a Evaluation of seafood freshness quality 
300 |a 180 p 
942 |c BK 
945 |d 20011026 00:00:00  |a cmena 
260 |a Nueva York  |b VCH  |c 1995 
650 7 |a PESCADO COMO ALIMENTO  |2 CL-VaPUC  |9 259401 
650 0 |a Alimentos marinos   |9 259402 
650 0 |a Control de calidad   |9 259714 
583 |a last modification  |c 20011026 00:00:00  |k Rodrigo Vera 
490 0 |a Food Science and Technology 
999 |c 298038  |d 298036 
952 |0 0  |1 0  |2 ddc  |4 0  |6 664_949700000000000_BOT_1995  |7 0  |8 A  |9 353366  |a BIBALI  |b BIBALI  |c GEN  |d 2019-11-21  |i 3767949  |o 664.9497 BOT 1995  |p 3767949  |r 2025-01-20  |w 2019-11-21  |y BK  |k ALI